000 01105nam a2200241Ia 4500
999 _c52499
_d52499
001 19522
003 GE_BSU
005 20200220121406.0
008 181216s1987||||ge |||||||||||||| ||geo||
040 _cGE_BSU
041 _ageo
080 _a811.353.1'367 კ-49
100 _aკიზირია, ანტონ
_97225
245 _aმარტივი წინადადების ტიპები წევრთა შემადგენლობის მიხედვით და კომუნიკატივები /
_cანტონ კიზირია ; რედ. ბ. ჯორბენაძე.
264 _aთბილისი :
_bმეცნიერება,
_c1987.
300 _a100 გვ. ;
_c20 სმ.
520 _aრეზიუმე რუსულ ენაზე
541 _h1ლ.50თ.
653 _aმარტივი წინადადება ქართულში
653 _aქართული ენა
700 _aჯორბენაძე, ბ.
_eრედაქტორი
_97226
942 _cBK
_2udc